| 000 | 00895nam a22002297a 4500 | ||
|---|---|---|---|
| 005 | 20250430143354.0 | ||
| 008 | 250430b |||||||| |||| 00| 0 eng d | ||
| 020 | _a978-81-973975-7-5 (hbk) | ||
| 037 | _cTB | ||
| 040 |
_aCRL _cCRL |
||
| 041 |
_2pun _apun |
||
| 084 |
_aO153,6x R4 _qCRL |
||
| 100 |
_aਸੋਹੀ, ਬਲਵਿੰਦਰ ਕੌਰ _9753586 |
||
| 245 | _aਕਿਤਾਬਾਂ ਦੇ ਅਹਮਿਯਤ | ||
| 260 |
_aਸਮਾਨਾ, ਭਾਰਤ: _bਨਵਰੰਗ ਪਬਲਿਕੇਸ਼ਨਸ, _c2024. |
||
| 300 | _a158 ਪ. | ||
| 365 |
_b200.00 _cINR |
||
| 650 | _aਪੁਜਾਬੀ ਸਾਹਿਤ | ||
| 650 |
_aਪੰਜਾਬੀ ਨਿਬੰਧ _9753396 |
||
| 942 |
_2CC _cTB _hO153,6x R4 _n0 |
||
| 999 |
_c1309841 _d1309841 |
||